| 000 | 00408pab a2200157 454500 | ||
|---|---|---|---|
| 008 | 180718b2014 xxu||||| |||| 00| 0 eng d | ||
| 100 | _aGoetz, Klaus H. | ||
| 245 | _aTime and power in the European Commission | ||
| 260 | _c2014 | ||
| 300 | _ap.577-596. | ||
| 362 | _aSep | ||
| 650 | _aEuropean Commission | ||
| 773 | _aInternational Review of Administrative Sciences | ||
| 908 | _aN | ||
| 909 | _a105890 | ||
| 999 |
_c105885 _d105885 |
||